Countries in Countries Quiz Stats

 Plays Quiz Updated Apr 12, 2012

Challenge
Share
Tweet
Embed
Score 0/9 Timer 03:00
1 Play Today
Country % Correct
Guinea-Bissau
62.3%
Nigeria
58%
Equatorial Guinea
55.8%
Democratic Republic of the Congo
54.2%
Papua New Guinea
53.5%
South Sudan
51.6%
Dominican Republic
47.1%
Somalia
16.4%
Romania
13.6%

You're not logged in!

Compare scores with friends on all Sporcle quizzes.
Join for Free
OR
Log In

You Might Also Like...

Show Comments

Extras

Top Quizzes Today


Score Distribution

Your Account Isn't Verified!

In order to create a playlist on Sporcle, you need to verify the email address you used during registration. Go to your Sporcle Settings to finish the process.

Report this User

Report this user for behavior that violates our Community Guidelines.

Details: